| 000 | 00755cam a22002533a 4500 | ||
|---|---|---|---|
| 001 | 23729 | ||
| 003 | PGUSA | ||
| 005 | 20140828083515.0 | ||
| 008 | 071204s2007||||xxu|||||s|||||000 | eng d | ||
| 040 |
_aPGUSA _beng |
||
| 042 | _adc | ||
| 050 | 4 | _aRM | |
| 100 | 1 |
_aHigginbottom, John, _d1788-1876 |
|
| 245 | 1 | 3 |
_aAn Essay on the Application of the Lunar Caustic in the Cure of Certain Wounds and Ulcers _h[electronic resource] / _cJohn Higginbottom |
| 260 |
_bProject Gutenberg, _c2007 |
||
| 506 | _aPublic domain in the USA. | ||
| 516 | _aElectronic text | ||
| 653 | _aWound healing | ||
| 653 | _aAntiseptics | ||
| 653 | _aSilver nitrate | ||
| 830 | 0 |
_aProject Gutenberg _v23729 |
|
| 856 | 4 | 0 | _uhttp://www.gutenberg.org/ebooks/23729 |
| 942 | _cEB | ||
| 999 |
_c252984 _d252984 |
||